Loading...
| Auditory Arts | 6 | 6.67 | 67% | 0% | 0% |
| Beliefs | 7 | 10.00 | 86% | 14% | 0% |
| Current Events | 1 | 10.00 | 100% | 0% | 0% |
| Fine Arts - Other Arts | 3 | 10.00 | 33% | 67% | 0% |
| Geography | 1 | 10.00 | 100% | 0% | 0% |
| History - American History | 4 | 15.00 | 100% | 50% | 0% |
| History - European History | 3 | 16.67 | 100% | 67% | 0% |
| History - Other History | 2 | 20.00 | 100% | 100% | 0% |
| History - World History | 3 | 16.67 | 100% | 67% | 0% |
| Literature - American Literature | 3 | 10.00 | 100% | 0% | 0% |
| Literature - British Literature | 1 | 10.00 | 100% | 0% | 0% |
| Literature - European Literature | 3 | 20.00 | 100% | 33% | 67% |
| Literature - World Literature | 2 | 10.00 | 100% | 0% | 0% |
| Other Academic | 1 | 10.00 | 0% | 0% | 100% |
| Philosophy | 3 | 6.67 | 33% | 33% | 0% |
| Science - Biology | 3 | 20.00 | 100% | 67% | 33% |
| Science - Chemistry | 3 | 10.00 | 100% | 0% | 0% |
| Science - Other Science | 4 | 10.00 | 75% | 25% | 0% |
| Science - Physics | 3 | 13.33 | 100% | 33% | 0% |
| Social Science | 3 | 10.00 | 100% | 0% | 0% |
| Visual Arts | 4 | 10.00 | 100% | 0% | 0% |